Environmental Management and Conservation [Part 2]/ (Record no. 1153)
[ view plain ]
| 000 -LEADER | |
|---|---|
| fixed length control field | 00354 a2200109 4500 |
| 020 ## - INTERNATIONAL STANDARD BOOK NUMBER | |
| International Standard Book Number | 9788131303764 |
| 082 ## - DEWEY DECIMAL CLASSIFICATION NUMBER | |
| Classification number | 333.72068 KHI |
| 100 ## - MAIN ENTRY--PERSONAL NAME | |
| Personal name | Khitoliya, Dr. R. K. |
| 245 ## - TITLE STATEMENT | |
| Title | Environmental Management and Conservation [Part 2]/ |
| Statement of responsibility, etc. | Dr. R. K. Khitoliya |
| 260 ## - PUBLICATION, DISTRIBUTION, ETC. | |
| Place of publication, distribution, etc. | New Delhi : |
| Name of publisher, distributor, etc. | APH Publishing Company, |
| Date of publication, distribution, etc. | 2008 |
| 300 ## - PHYSICAL DESCRIPTION | |
| Extent | 351 to 638 |
| Other physical details | ill. ; |
| Dimensions | 21 cm |
| 650 ## - SUBJECT ADDED ENTRY--TOPICAL TERM | |
| Topical term or geographic name entry element | Environmental Management |
| Withdrawn status | Lost status | Damaged status | Not for loan | Permanent Location | Current Location | Shelving location | Date acquired | Total Checkouts | Full call number | Barcode | Date last seen | Price effective from | Koha item type |
|---|---|---|---|---|---|---|---|---|---|---|---|---|---|
| School of Civil and Environmental Engineering (SCEE) | School of Civil and Environmental Engineering (SCEE) | 333.72068 KHI | NIT-6802 | 01/05/2017 | 01/05/2017 | Book |
